| 000 | 00344nam a22001337a 4500 | ||
|---|---|---|---|
| 999 |
_c7516 _d7514 |
||
| 005 | 20210305115541.0 | ||
| 008 | 210305b ||||| |||| 00| 0 eng d | ||
| 082 | _a346.066 | ||
| 100 |
_aAIYAR, A.N. _96466 |
||
| 245 | _aCOMPANY CASES [VOL-13] | ||
| 260 |
_aMADRAS _bTHE COMPANY LAW INSTITUTE OF INDIA _c1943 |
||
| 650 |
_aLAW _95701 |
||
| 942 | _cJRL | ||